| 000 | 00628nam a2200217Ia 4500 | ||
|---|---|---|---|
| 001 | 21353 | ||
| 003 | DO-CoUTE | ||
| 005 | 20260204212608.0 | ||
| 008 | 220104s9999 dr 000 0 spa d | ||
| 020 | _a979-9945-00-493-9 | ||
| 040 |
_aDO-CoUTE _bspa _cDO-CoUTE |
||
| 041 | 0 | _aspa | |
| 082 | _aRD 909.009 V468a | ||
| 100 | 1 | _aVentura, Abel | |
| 245 | 1 | 0 | _aAnálisis historico comparativo : Los treintas años / Abel Ventura |
| 260 | _aSanfrancisco de Macoris, República Dominicana : Mayan s.a | ||
| 300 | _a97 páginas | ||
| 942 |
_2ddc _cBK |
||
| 999 |
_c21010 _d21010 |
||